| 000 | 00845cai a22002055a 4500 | ||
|---|---|---|---|
| 001 | L140118 | ||
| 008 | 070905s2007 fr d f s 000 0 eng d | ||
| 035 | _a(Sirsi) u140118 | ||
| 041 | 0 | _aeng | |
| 050 | 0 | 4 | _a333.33 $2 18 |
| 110 | 2 |
_aAtisreal _95337 |
|
| 245 | 0 | 0 |
_aEurope quarterly _b office market _bquarter two 2007 _h[electronic resource] |
| 260 |
_aAtisreal _b[s.l.] _c2007 |
||
| 520 | _aPresents European office market indicators for second quarter 2007 compared to 2006. Comparative analyis of pan-European market place trends, including rents change, vacancy rates and prime rents. | ||
| 590 | _aka | ||
| 651 | 4 | _aEurope | |
| 690 | _aPROPERTY-COMMERCIAL PROPERTY-COMMERCIAL PROPERTY MARKET | ||
| 856 | 4 | 8 |
_uhttps://www.atisreal.com/ _vView this report free of charge at www.atisreal.com (see market research section)... |
| 942 | _n0 | ||
| 999 |
_c107427 _d107427 |
||